000 004410000a22001810004500
003 MACL
005 20150705114923.0
008 150705b xxu||||| |||| 00| 0 eng d
040 _aMACL
_cMACL
041 _aEnglish
082 _a306
100 _aAdvaita, Ashrama
_9725
245 _aThe Story Of Ramakrishna Mission
260 _bAdvaita Ashrama
_c2006
_aKolkata
350 _a350
650 _aSocial Science
_929
942 _cBK
_k306
_2ddc
999 _c1947
_d1947